| 000 | 00953cam a2200289 i 4500 | ||
|---|---|---|---|
| 001 | 60142 | ||
| 003 | Mx-PuUPA | ||
| 005 | 20230125110914.0 | ||
| 008 | 140415s1991 nyua grc 000 0 eng d | ||
| 020 | _a0517069911 | ||
| 040 |
_aMx-PuUPA _bspa _cMx-PuUPA _dMx-PuUPA _erda |
||
| 041 | 0 | _aeng | |
| 100 | 1 |
_913670 _aCostantino, Maria, _eautor |
|
| 245 | 1 | 0 |
_aPicasso : _bposters / _cMaria Costantino |
| 264 | 1 |
_aNew York, New York : _bCrescent Books, _c1991 |
|
| 300 |
_a112 páginas : _bilustraciones ; _c37 cm |
||
| 336 |
_2rdacontent _atexto _btxt |
||
| 336 |
_2rdacontent _aimagen fija _bsti |
||
| 337 |
_2rdamedia _asin medio _bn |
||
| 338 |
_2rdacarrier _avolumen _bnc |
||
| 600 | 1 |
_aPicasso, Pablo, _d1881-1973 |
|
| 650 | 7 |
_aCatálogos _xPicasso, Pablo, _y1881-1973 |
|
| 942 |
_2ddc _h741.67 _iC834 _cLI |
||
| 999 |
_c60142 _d60142 |
||